| 000 | 00321nam a22001217a 4500 | ||
|---|---|---|---|
| 082 |
_a340.072 _bSAM |
||
| 100 | _aSami Ur Rahman | ||
| 245 |
_aBasic Concepts of Legal Research Methods / _cSami Ur Rahman |
||
| 260 |
_aRawalpindi: _bFederal Law House, _cN.A. |
||
| 300 | _a215 p. | ||
| 563 | _aPB. | ||
| 942 |
_2ddc _cBK |
||
| 999 |
_c613945 _d613945 |
||